INITIAL teacher education in schools a guide for practitioners
Guardat en:
| Format: | Llibre |
|---|---|
| Idioma: | anglès |
| Publicat: |
SAGE
2014
|
| Etiquetes: |
Afegir etiqueta
Sense etiquetes, Sigues el primer a etiquetar aquest registre!
|
MARC
| LEADER | 00000nam a22000007a 4500 | ||
|---|---|---|---|
| 008 | 201211b ||||| |||| 00| 0 eng d | ||
| 020 | |a 978-1-4462-7585-6 | ||
| 245 | |a INITIAL teacher education in schools |b a guide for practitioners |c edited by Carey Philpott, Helen Scott, Carrie Mercier |g xii,188p. | ||
| 250 | |c Philpott Carey | ||
| 250 | |c Scott, Helen | ||
| 250 | |c Mercier, Carrie | ||
| 260 | |b SAGE |c 2014 |h Los Angeles |i 692104 |i 692105 |l LB1725 .In5 |m Teachers – Training of | ||
| 500 | |a It includes bibliographical references and index”. | ||
| 942 | |a lcc |c BK |e O.A.JOHNSON |f 11/12/20 | ||
| 952 | |0 0 |1 0 |2 lcc |4 0 |6 LB1725 I N5 |7 0 |9 405 |a HOL |b ED |c LP |d 2020-12-11 |l 0 |o LB1725 .In5 |r 2020-12-11 00:00:00 |w 2020-12-11 |y BK | ||
| 952 | |0 0 |1 0 |2 lcc |4 0 |6 LB1725 I N5 |7 0 |9 406 |a HOL |b HOL |c LP |d 2020-12-11 |l 0 |o LB1725 .In5 |p 2020-2138 |r 2020-12-11 00:00:00 |w 2020-12-11 |y BK | ||
| 999 | |c 198 |d 198 | ||